Lucky T

Bibliographic Details
Main Author: Brian, Kate
Format: Book
Published: London : Simon and Schuster , 2005
Subjects:

MARC

LEADER 00000cam a2200000 7i4500
001 0000007918
005 20160330.0
008 070907
020 |a 0689875800 
090 0 0 |a BRI   |b ENG (2445) 
100 1 |a Brian, Kate 
245 1 0 |a Lucky T   |c Kate Brian 
260 |a London :   |b Simon and Schuster ,   |c 2005 
500 |a Teenager ages 13-18 years old (blue) 
650 0 |a Teenagers   |x English   |x Languages 
999 |a 0000991656   |b Book   |c Teenagers   |e Perbadanan Perpustakaan Awam Johor 
999 |a 0000991657   |b Book   |c Teenagers   |e Perbadanan Perpustakaan Awam Johor 
999 |a 0000991658   |b Book   |c Teenagers   |e Perbadanan Perpustakaan Awam Johor